Die weisse Negerin : (Record no. 201560)
[ view plain ]
| 000 -LEADER | |
|---|---|
| fixed length control field | 00646cam3a220021700 4500 |
| 001 - CONTROL NUMBER | |
| control field | tmp15403230 |
| 003 - CONTROL NUMBER IDENTIFIER | |
| control field | UPRA |
| 005 - DATE AND TIME OF LATEST TRANSACTION | |
| control field | 20190830124810.0 |
| 008 - FIXED-LENGTH DATA ELEMENTS--GENERAL INFORMATION | |
| fixed length control field | 950807s1958 gw ger u |
| 035 ## - SYSTEM CONTROL NUMBER | |
| System control number | (Sirsi) r30484 |
| 035 ## - SYSTEM CONTROL NUMBER | |
| System control number | (UPRA)tmp15403230 |
| 040 ## - CATALOGING SOURCE | |
| Transcribing agency | UPRA |
| 041 1# - LANGUAGE CODE | |
| Language code of text/sound track or separate title | ger eng |
| Language code of original | ger eng |
| 100 1# - MAIN ENTRY--PERSONAL NAME | |
| Titles and words associated with a name | pseud. |
| Linkage | A94928.1 |
| 245 14 - TITLE STATEMENT | |
| Title | Die weisse Negerin : |
| Remainder of title | das Schicksal der Reba Lee / |
| Statement of responsibility, etc. | [von] Mary Hasting Bradley. |
| 260 ## - PUBLICATION, DISTRIBUTION, ETC. | |
| Place of publication, distribution, etc. | [Munchen] : |
| Name of publisher, distributor, etc. | Kindler, |
| Date of publication, distribution, etc. | [1958] |
| 500 ## - GENERAL NOTE | |
| General note | Tr. of "I passed for white." |
| 700 1# - ADDED ENTRY--PERSONAL NAME | |
| Personal name | Bradley, Mary Hastings. |
| Linkage | A94929.1 |
| 949 ## - LOCAL PROCESSING INFORMATION (OCLC) | |
| a | E185.97 |
| w | lcc |
| i | -34295 |
| m | MAIN |
| t | BOOK |
| l | ON-SHELF |
No items available.